• 首页
  • 本馆介绍
  • 公告通知
  • 最新文献
  • 馆藏检索
  • 电子资源
  • 读者荐购
  • 参考咨询
  • CALIS
  • 我的图书馆
  • 登录
  • 详细信息显示
  • 放入我的书架
  • 预约/预借图书
  • 作者相关作品
  • 分类相关作品
  • 丛书相关作品
  • 出版社相关作品

书目信息

  • 表格格式
  • 工作单格式
  • 卡片格式
题名:
全国注册城乡规划师职业资格考试辅导教材
    
 
作者: 苏海龙 主编
分册: 第4分册   城乡规划实务
出版信息: 北京   中国建筑工业出版社  2018.6
页数: 203页
开本: 26cm
丛书名: 执业资格考试丛书
单 册:
中图分类: TU984.2
科图分类:
主题词: 城乡规划--cheng xiang gui hua--中国--资格考试--自学参考资料
电子资源:
ISBN: 978-7-112-22247-6
 
 
 
 
 
000 01366nam 2200289 450
001 0100001374
005 20190611154807.68
010    @a978-7-112-22247-6@dCNY58.00
100    @a20180727d2018 em y0chiy0121 ea
101 0  @achi
102    @aCN@b110000
105    @aak a 000yy
200 1  @a全国注册城乡规划师职业资格考试辅导教材@Aquan guo zhu ce cheng xiang gui hua shi zhi ye zi ge kao shi fu dao jiao cai@h第4分册@i城乡规划实务@f苏海龙主编
205    @a第11版
210    @a北京@c中国建筑工业出版社@d2018.6
215    @a203页@c图@d26cm
225 2  @a执业资格考试丛书@Azhi ye zi ge kao shi cong shu
308    @a封面从编名: 2018执业资格考试丛书
320    @a有书目 (第203页)
330    @a本书针对新的考试大纲的修订和考试题型将出现的新变化, 中国建筑工业出版社组织成立编委会, 共同编写这套《全国注册城市规划师执业资格考试辅导教材》。辅导教材每分册主要分成复习指导、复习题解、模拟试题三部分内容。复习指导既包括对考试大纲的解析, 也对考试要点、难点进行归纳总结, 便于考生强化记忆。复习题解针对前几次考试已经统计出来的经常出现的疑难点进行重点分析。
410  0 @12001 @a执业资格考试丛书
517 1  @a城乡规划实务@Acheng xiang gui hua shi wu
606 0  @a城乡规划@Acheng xiang gui hua@y中国@x资格考试@j自学参考资料
690    @aTU984.2@v5
701  0 @a苏海龙@Asu hai long@4主编
801  0 @aCN@c20180901
905    @a河南城建学院图书馆@dTU984.2@eS805=11:4
    
    全国注册城乡规划师职业资格考试辅导教材.第4分册.城乡规划实务/苏海龙主编.-第11版.-北京:中国建筑工业出版社,2018.6
    203页:图;26cm.-(执业资格考试丛书)
    
    
    ISBN 978-7-112-22247-6:CNY58.00
    本书针对新的考试大纲的修订和考试题型将出现的新变化, 中国建筑工业出版社组织成立编委会, 共同编写这套《全国注册城市规划师执业资格考试辅导教材》。辅导教材每分册主要分成复习指导、复习题解、模拟试题三部分内容。复习指导既包括对考试大纲的解析, 也对考试要点、难点进行归纳总结, 便于考生强化记忆。复习题解针对前几次考试已经统计出来的经常出现的疑难点进行重点分析。
●
相关链接 在E读中查询图书 在当当中查询图书 在豆瓣中查询图书


正题名:全国注册城乡规划师职业资格考试辅导教材     索取号:TU984.2/S805=11:4         预约/预借

序号 登录号 条形码 馆藏地/架位号 状态 备注
1 1306223   213062237   建筑与城市规划学院资料室/ [索取号:TU984.2/S805=11:4] 在馆    
2 1380690   213806906   建筑库201/201建筑库 64排7列2层/ [索取号:TU984.2/S805=11:4] 在馆    
3 1380691   213806915   建筑与城市规划学院资料室/101建筑库 88排3列2层/ [索取号:TU984.2/S805=11:4] 在馆    
河南城建学院图书馆 欢迎您!
大连网信软件有限公司© 版权所有